Introduction to parallel computing / (Record no. 21058)
[ view plain ]
| 000 -LEADER | |
|---|---|
| fixed length control field | 01149cam a22003255a 4500 |
| 001 - CONTROL NUMBER | |
| control field | 13584208 |
| 005 - DATE AND TIME OF LATEST TRANSACTION | |
| control field | 20151116152642.0 |
| 008 - FIXED-LENGTH DATA ELEMENTS--GENERAL INFORMATION | |
| fixed length control field | 040506s2004 enka frbd f001 0 eng d |
| 020 ## - INTERNATIONAL STANDARD BOOK NUMBER | |
| International Standard Book Number | 0198515774 (PBK.) |
| 020 ## - INTERNATIONAL STANDARD BOOK NUMBER | |
| International Standard Book Number | 9780198515777 |
| 040 ## - CATALOGING SOURCE | |
| Original cataloging agency | UKM |
| Transcribing agency | UKM |
| Modifying agency | C#P |
| -- | DLC |
| -- | EG-ScBUE |
| Language of cataloging | eng |
| 082 04 - DEWEY DECIMAL CLASSIFICATION NUMBER | |
| Classification number | 004.35 |
| Edition number | 22 |
| Item number | PET |
| 100 1# - MAIN ENTRY--PERSONAL NAME | |
| Personal name | Petersen, W. P. |
| Fuller form of name | (Wesley P.) |
| 9 (RLIN) | 38759 |
| 245 10 - TITLE STATEMENT | |
| Title | Introduction to parallel computing / |
| Statement of responsibility, etc | W. P. Petersen, P. Arbenz. |
| 246 34 - VARYING FORM OF TITLE | |
| Title proper/short title | Introduction to parallel computing : |
| Remainder of title | a practical guide with examples in C |
| 260 ## - PUBLICATION, DISTRIBUTION, ETC. (IMPRINT) | |
| Place of publication, distribution, etc | Oxford ; |
| -- | New York : |
| Name of publisher, distributor, etc | Oxford University Press, |
| Date of publication, distribution, etc | 2004. |
| 300 ## - PHYSICAL DESCRIPTION | |
| Extent | xvi, 259 p. : |
| Other physical details | ill. ; |
| Dimensions | 24 cm. |
| 490 0# - Series Statement | |
| Series statement | Oxford texts in applied and engineering mathematics ; |
| Volume/sequential designation | 9 |
| 500 ## - GENERAL NOTE | |
| General note | Subtitle from cover. |
| 500 ## - GENERAL NOTE | |
| General note | Index : p. 255-259. |
| 500 ## - GENERAL NOTE | |
| General note | Glossary : p. 240-244. |
| 504 ## - BIBLIOGRAPHY, ETC. NOTE | |
| Bibliography, etc | Bibliography : p. [246]-253. |
| 650 #7 - SUBJECT ADDED ENTRY--TOPICAL TERM | |
| Topical term or geographic name as entry element | parallel processing (Electronic computers) |
| Source of heading or term | BUEsh |
| 9 (RLIN) | 11339 |
| 650 #0 - SUBJECT ADDED ENTRY--TOPICAL TERM | |
| Topical term or geographic name as entry element | Parallel computers |
| Source of heading or term | BUEsh |
| 9 (RLIN) | 11340 |
| 651 ## - SUBJECT ADDED ENTRY--GEOGRAPHIC NAME | |
| Source of heading or term | BUEsh |
| 653 ## - INDEX TERM--UNCONTROLLED | |
| Resource For college | Engineering, General |
| Arrived date list | November2015 |
| 655 ## - INDEX TERM--GENRE/FORM | |
| Form subdivision | Reading book |
| -- | 34232 |
| 700 1# - ADDED ENTRY--PERSONAL NAME | |
| Personal name | Arbenz, Peter, |
| Dates associated with a name | 1953- |
| 942 ## - ADDED ENTRY ELEMENTS (KOHA) | |
| Source of classification or shelving scheme | Dewey Decimal Classification |
| Withdrawn status | Item status | Source of classification or shelving scheme | Damaged status | Not for loan | Vendor | Home library | Current library | Shelving location | Date acquired | Source of acquisition | Total Checkouts | Full call number | Barcode | Date last seen | Koha item type |
|---|---|---|---|---|---|---|---|---|---|---|---|---|---|---|---|
| Dewey Decimal Classification | Baccah | Central Library | Central Library | Lower Floor | 16/11/2015 | Purchase | 004.35 PET | 000031322 | 15/07/2025 | Book - Borrowing |